| 000 | 00312nam a2200109 4500 | ||
|---|---|---|---|
| 999 |
_c9637 _d9637 |
||
| 008 | 180712b ||||| |||| 00| 0 eng d | ||
| 245 | _aSpain to continue accepting Ph scholars. | ||
| 260 |
_aPhilippines _bPhilippine Daily inquirer _cc2017 |
||
| 300 | _apage A5. | ||
| 650 | 0 |
_928581 _aScholarships. |
|
| 942 |
_2ddc _cPER |
||